Catálogo

Fronteras de la biología en los inicios del siglo xxi / (Registro nro. 46546)

Detalles MARC
000 -LEADER
fixed length control field 01115cam a2200313 i 4500
001 - CONTROL NUMBER
control field 46546
003 - CONTROL NUMBER IDENTIFIER
control field Mx-PuUPA
005 - DATE AND TIME OF LATEST TRANSACTION
control field 20210719201129.0
008 - FIXED-LENGTH DATA ELEMENTS--GENERAL INFORMATION
fixed length control field 140415s2003 mx a r 000 0 spa d
020 ## - INTERNATIONAL STANDARD BOOK NUMBER
International Standard Book Number 970640208X
040 ## - CATALOGING SOURCE
Original cataloging agency MX-PuUPA
Language of cataloging spa
Description conventions rda
Transcribing agency Mx-PuUPA
Modifying agency Mx-PuUPA
041 0# - LANGUAGE CODE
Language code of text/sound track or separate title spa
245 10 - TITLE STATEMENT
Title Fronteras de la biología en los inicios del siglo xxi /
Statement of responsibility, etc. D. Alarcón-Segovia, F. G. Bolívar Zapata, R. de la Fuente, J. Kumate [y otros cuatro].
250 ## - EDITION STATEMENT
Edition statement Primera edición
264 #1 - PRODUCTION, PUBLICATION, DISTRIBUTION, MANUFACTURE, AND COPYRIGHT NOTICE
Place of production, publication, distribution, manufacture México, D.F. :
Name of producer, publisher, distributor, manufacturer El Colegio Nacional,
Date of production, publication, distribution, manufacture, or copyright notice 2003
300 ## - PHYSICAL DESCRIPTION
Extent 11 volúmenes (paginación varía) :
Other physical details ilustraciones ;
Dimensions 23 cm.
336 ## - CONTENT TYPE
Content type term texto
Fuente rdacontent
Content type code txt
337 ## - MEDIA TYPE
Media type term sin medio
Source rdamedia
Media type code n
338 ## - CARRIER TYPE
Carrier type term volumen
Source rdacarrier
Carrier type code nc
650 #4 - SUBJECT ADDED ENTRY--TOPICAL TERM
Topical term or geographic name entry element Biología
General subdivision Investigación
650 #4 - SUBJECT ADDED ENTRY--TOPICAL TERM
Topical term or geographic name entry element Genética
General subdivision Biotecnología
700 1# - ADDED ENTRY--PERSONAL NAME
Personal name Alarcón-Segovia, Donato,
Relator term compilador
700 1# - ADDED ENTRY--PERSONAL NAME
Personal name Bolívar Zapata, F. G.,
Relator term compilador
700 1# - ADDED ENTRY--PERSONAL NAME
Personal name Fuente, R. de la,
Relator term compilador
700 1# - ADDED ENTRY--PERSONAL NAME
Personal name Kumate, J.,
Relator term compilador
942 ## - ADDED ENTRY ELEMENTS (KOHA)
Classification part 570
Item part F922
Koha item type Libro
Source of classification or shelving scheme Dewey Decimal Classification
Existencias
Withdrawn status Lost status Source of classification or shelving scheme Damaged status Not for loan Collection code Home library Current library Shelving location Date acquired Source of acquisition Total Checkouts Full call number Barcode Date last seen Price effective from Koha item type Date last checked out
    Dewey Decimal Classification     General Biblioteca Karol Wojtyla Biblioteca Karol Wojtyla Sala general 03/12/2013 Compra   570 FRO 2003 69791 05/01/2026 17/07/2017 Libro  
    Dewey Decimal Classification     General Biblioteca Karol Wojtyla Biblioteca Karol Wojtyla Sala general 03/12/2013 Compra   570 FRO 2003 69788 05/01/2026 17/07/2017 Libro  
    Dewey Decimal Classification     General Biblioteca Karol Wojtyla Biblioteca Karol Wojtyla Sala general 03/12/2013 Compra   570 FRO 2003 69790 05/01/2026 17/07/2017 Libro  
    Dewey Decimal Classification     General Biblioteca Karol Wojtyla Biblioteca Karol Wojtyla Sala general 17/07/2017 Compra   570 FRO 2003 90486 05/01/2026 17/07/2017 Libro  
    Dewey Decimal Classification     General Biblioteca Karol Wojtyla Biblioteca Karol Wojtyla Sala general 03/12/2013 Compra   570 FRO 2003 69789 05/01/2026 17/07/2017 Libro  
    Dewey Decimal Classification     General Biblioteca Karol Wojtyla Biblioteca Karol Wojtyla Sala general 19/05/2015 Compra   570 FRO 2003 90630 05/01/2026 17/07/2017 Libro  
    Dewey Decimal Classification     General Biblioteca Karol Wojtyla Biblioteca Karol Wojtyla Sala general 03/12/2013 Compra   570 FRO 2003 69786 05/01/2026 17/07/2017 Libro  
    Dewey Decimal Classification     General Biblioteca Karol Wojtyla Biblioteca Karol Wojtyla Sala general 17/07/2017 Compra   570 FRO 2003 90485 05/01/2026 17/07/2017 Libro  
    Dewey Decimal Classification     General Biblioteca Karol Wojtyla Biblioteca Karol Wojtyla Sala general 03/12/2013 Compra   570 FRO 2003 69785 05/01/2026 17/07/2017 Libro 09/05/2015
    Dewey Decimal Classification     General Biblioteca Karol Wojtyla Biblioteca Karol Wojtyla Sala general 03/12/2013 Compra   570 FRO 2003 69787 05/01/2026 17/07/2017 Libro